000 01322nam a2200265Ia 4500
999 _c36252
_d36252
001 2157
003 GE_BSU
005 20190517191002.0
008 181216s2007||||ge |||||||||||||| ||geo||
020 _a9789994093298
040 _cGE_BSU
041 _ageo
080 _a821.112-31 ზ-98
100 _aზუტნერი, არტურ
_91346
245 _aაჭარლები :
_bრომანი /
_cარტურ ზუტნერი ; თარგმანი გერმანულიდან რუსუდან ღვინეფაძე ; რედ. მაკა ძოწენიძე ; ენციკლოპედია აჭარის მთ. სამეცნ. რედაქცია.
264 _aთბილისი :
_bინტელექტი,
_c2007.
300 _a277 გვ.
_b20 სმ.
500 _aპარალელ. თავურც. გერმ.
541 _h8ლ.
653 _aრომანი
700 _aძოწენიძე, მაკა
_eრედაქტორი
_91347
700 _aღვინეფაძე, რუსუდან
_eმთარგმნელი
_91348
710 _aენციკლოპედია აჭარის მთ. სამეცნ. რედაქცია.
_91349
942 _cBK
_2udc